[Event "85th ch-GER 2014"]
[Site "Verden an der Aller GER"]
[Date "2014.11.27"]
[Round "7.4"]
[White "Bluebaum, Matthias"]
[Black "Siebrecht, Sebastian"]
[Result "1-0"]
[WhiteTitle "IM"]
[BlackTitle "GM"]
[WhiteElo "2537"]
[BlackElo "2464"]
[WhiteFideId "24651516"]
[BlackFideId "4609352"]
[EventDate "2014.11.21"]

1. d4 Nf6 2. c4 e6 3. Nf3 Bb4+ 4. Nbd2 O-O 5. a3 Be7 6. e4 d6 7. Bd3 Nbd7 8. O-O
e5 9. Re1 a5 10. Nb1 exd4 11. Nxd4 Nc5 12. Bc2 Re8 13. Nc3 c6 14. Bf4 Ne6 15.
Nxe6 Bxe6 16. Qd3 Qb6 17. Be3 Qc7 18. Bd4 g6 19. f4 d5 20. cxd5 cxd5 21. e5 Ne4
22. Nxe4 dxe4 23. Qc3 Qxc3 24. bxc3 Bd5 25. a4 Rac8 26. Rab1 Bc5 27. Bxe4 Bxd4+
28. cxd4 Red8 29. Rb5 Bxe4 30. Rxe4 Rc4 31. Rxa5 Rdxd4 32. Rxd4 Rxd4 33. g3 Rd2
34. Rb5 Ra2 35. Rxb7 Rxa4 36. Kg2 Ra2+ 37. Kh3 Re2 38. Rb5 Kg7 39. g4 h6 40. Kg3
Re3+ 41. Kf2 Re4 42. Kf3 Re1 43. h3 Rh1 44. Kg2 Re1 45. Kf2 Re4 46. Kf3 Re1 47.
Rb4 Rh1 48. Kg2 Re1 49. Kf2 Rh1 50. Rb3 Rh2+ 51. Kg3 Re2 52. Kf3 Rh2 53. Ke4 Ra2
54. Re3 Ra4+ 55. Kf3 Rb4 56. h4 h5 57. gxh5 gxh5 58. Ra3 Kg6 59. Ra6+ Kg7 60.
Rd6 Rb3+ 61. Ke4 Rh3 62. Rd7 Kf8 63. Rd8+ Kg7 64. Kf5 Rxh4 65. Rd7 Kf8 66. Rd1
Kg7 67. Rg1+ Kf8 68. Kg5 Rh2 69. Kf6 Ra2 70. f5 h4 71. Rg4 Ra6+ 72. e6 fxe6 73.
fxe6 Ra7 74. Rb4 Ra8 75. Rxh4 Kg8 76. Rg4+ 1-0

[Event "85th ch-GER 2014"]
[Site "Verden an der Aller GER"]
[Date "2014.11.27"]
[Round "7.5"]
[White "Jugelt, Tobias"]
[Black "Svane, Rasmus"]
[Result "1-0"]
[WhiteTitle "IM"]
[BlackTitle "IM"]
[WhiteElo "2404"]
[BlackElo "2509"]
[WhiteFideId "4626150"]
[BlackFideId "4657101"]
[EventDate "2014.11.21"]

1. d4 Nf6 2. c4 g6 3. Nc3 d5 4. cxd5 Nxd5 5. Bd2 Nb6 6. Bf4 Bg7 7. Nf3 c5 8.
dxc5 Bxc3+ 9. bxc3 Qxd1+ 10. Rxd1 N6d7 11. e4 Nxc5 12. Nd2 Be6 13. Bb5+ Bd7 14.
Bc4 Ba4 15. Rb1 Nbd7 16. Ke2 Rc8 17. f3 Nb6 18. Bb3 Bb5+ 19. c4 Bc6 20. Be3 Nbd7
21. Rhc1 O-O 22. Rc3 b6 23. Bc2 Rc7 24. Ra3 e5 25. Rd1 Rfc8 26. Nb1 Kf8 27. Nc3
Ke7 28. Nd5+ Bxd5 29. cxd5 Nb7 30. Bd3 Nd6 31. Rb1 f6 32. Rb4 Nc5 33. Bxc5 bxc5
34. Rb1 c4 35. Bc2 c3 36. Ra6 f5 37. f4 Rd7 38. fxe5 Nxe4 39. Bb3 Nc5 40. d6+
Kf8 41. Ra5 Nxb3 42. axb3 Kf7 43. Rc1 Rb7 44. Kd3 c2 45. Rxc2 Rxb3+ 46. Kd2
Rxc2+ 47. Kxc2 Rb7 48. Kc3 Ke6 49. Kd4 Rb4+ 50. Kc5 Rb2 51. Rxa7 Kxe5 52. Re7+
Kf6 53. Rxh7 Rxg2 54. d7 Rd2 55. Kc6 Rc2+ 56. Kd6 Rd2+ 57. Kc7 Rc2+ 58. Kd8 g5
59. Ke8 Re2+ 60. Kf8 Rd2 61. Rh6+ Ke5 62. Ke7 Rxd7+ 63. Kxd7 f4 64. Rh5 Kf5 65.
Rh8 g4 66. Rg8 f3 67. Rf8+ Ke5 68. h3 1-0

[Event "85th ch-GER 2014"]
[Site "Verden an der Aller GER"]
[Date "2014.11.27"]
[Round "7.6"]
[White "Bischoff, Klaus"]
[Black "Graf, Felix"]
[Result "0-1"]
[WhiteTitle "GM"]
[BlackTitle "IM"]
[WhiteElo "2502"]
[BlackElo "2476"]
[WhiteFideId "4600045"]
[BlackFideId "24608904"]
[EventDate "2014.11.21"]

1. c4 b6 2. d4 e6 3. a3 Bb7 4. Nc3 Nf6 5. Nf3 d5 6. Bg5 Be7 7. Bxf6 Bxf6 8. cxd5
exd5 9. g3 O-O 10. Bg2 c5 11. O-O Na6 12. e3 Qe7 13. Rc1 Rfd8 14. Re1 Rac8 15.
h4 Bc6 16. Re2 Nc7 17. Ne1 Nb5 18. Nxb5 Bxb5 19. Rd2 cxd4 20. Rxc8 Rxc8 21. exd4
Ba4 22. Qb1 Qc7 23. Nd3 Bxd4 24. Nf4 Qc1+ 25. Qxc1 Rxc1+ 26. Kh2 Rd1 27. Re2 g6
28. Bxd5 Bf6 29. b3 Bb5 30. Rc2 Be5 31. Bc4 Bd7 32. Ng2 Bd6 33. a4 Bc5 34. Ne3
Rd4 35. Kg1 Kg7 36. Kf1 Bc6 37. Ke2 f5 38. Bd3 f4 39. gxf4 Rxf4 40. Rc4 Bf3+ 0-1

[Event "85th ch-GER 2014"]
[Site "Verden an der Aller GER"]
[Date "2014.11.27"]
[Round "7.7"]
[White "Gutman, Lev"]
[Black "Stern, Rene"]
[Result "0-1"]
[WhiteTitle "GM"]
[BlackTitle "GM"]
[WhiteElo "2408"]
[BlackElo "2546"]
[WhiteFideId "4600177"]
[BlackFideId "4611799"]
[EventDate "2014.11.21"]

1. Nf3 Nf6 2. g3 e6 3. Bg2 d5 4. O-O Be7 5. d4 b5 6. Bg5 Nbd7 7. Bxf6 Nxf6 8.
Ne5 c5 9. Nd2 Qc7 10. c3 O-O 11. a4 Rb8 12. axb5 Rxb5 13. Ra2 a5 14. e4 cxd4 15.
cxd4 dxe4 16. Nxe4 Bb7 17. Qd3 Rb4 18. Nxf6+ gxf6 19. Ng4 Rd8 20. Qc3 Qb6 21.
Bxb7 Qxb7 22. Rxa5 Rbxd4 23. Ne3 Bb4 24. Qb3 Rd3 25. Ra7 Qxa7 26. Qxb4 Qd4 27.
Qe7 Qxb2 28. Kg2 R8d7 29. Qc5 Rc3 0-1

[Event "85th ch-GER 2014"]
[Site "Verden an der Aller GER"]
[Date "2014.11.27"]
[Round "7.8"]
[White "Plischki, Sebastian"]
[Black "Meins, Gerlef"]
[Result "0-1"]
[WhiteTitle "IM"]
[BlackTitle "IM"]
[WhiteElo "2396"]
[BlackElo "2443"]
[WhiteFideId "4637143"]
[BlackFideId "4620895"]
[EventDate "2014.11.21"]

1. d4 Nf6 2. c4 e6 3. Nc3 Bb4 4. e3 O-O 5. Bd3 d5 6. Nf3 c5 7. O-O cxd4 8. exd4
dxc4 9. Bxc4 b6 10. Qb3 Bxc3 11. bxc3 Qc7 12. Ba3 Rd8 13. Ne5 Nc6 14. Nxc6 Qxc6
15. Rfd1 Nd5 16. Rac1 Nf4 17. f3 Bb7 18. Bf1 e5 19. dxe5 Nh3+ 20. gxh3 Qxf3 21.
c4 Qh1+ 22. Kf2 Qxh2+ 23. Ke1 Qxe5+ 24. Be2 Re8 25. Rd2 Qg5 26. Kd1 Rad8 27.
Rxd8 Rxd8+ 28. Bd3 Be4 29. Rc3 Qe3 30. Bc1 Rxd3+ 31. Rxd3 Qxd3+ 32. Qxd3 Bxd3
33. c5 bxc5 34. Be3 c4 35. Bxa7 g5 36. Be3 h6 37. a4 Kh7 38. h4 Kg6 39. hxg5
hxg5 40. Kd2 f5 0-1

[Event "85th ch-GER 2014"]
[Site "Verden an der Aller GER"]
[Date "2014.11.27"]
[Round "7.9"]
[White "Kalinitschew, Sergey"]
[Black "Breutigam, Martin"]
[Result "1-0"]
[WhiteTitle "GM"]
[BlackTitle "IM"]
[WhiteElo "2392"]
[BlackElo "2409"]
[WhiteFideId "4637321"]
[BlackFideId "4601840"]
[EventDate "2014.11.21"]

1. d4 d5 2. c4 c6 3. Nc3 Nf6 4. Nf3 dxc4 5. a4 Bf5 6. e3 e6 7. Bxc4 Bb4 8. O-O
Nbd7 9. Qe2 Bg6 10. Rd1 O-O 11. Ne5 Nxe5 12. dxe5 Nd7 13. f4 Qe7 14. Na2 Ba5 15.
b4 Bc7 16. Ba3 Rfd8 17. Nc3 Qh4 18. Qf2 Qxf2+ 19. Kxf2 Nb6 20. Be2 Bc2 21. Rxd8+
Rxd8 22. Bc1 Bd3 23. Bf3 Nc4 24. a5 f6 25. exf6 Bd6 26. a6 Bxb4 27. axb7 a5 28.
Na4 gxf6 29. Bxc6 Nd6 30. Ba3 Be4 31. Bxb4 Bxc6 32. Bxd6 Bxb7 33. Rd1 Bd5 34.
Bc7 Rc8 35. Rc1 Bb3 36. Nb6 Re8 37. Bd6 Kf7 38. Rc8 1-0

[Event "85th ch-GER 2014"]
[Site "Verden an der Aller GER"]
[Date "2014.11.27"]
[Round "7.10"]
[White "Kollars, Dmitrij"]
[Black "Kabisch, Thilo"]
[Result "1-0"]
[WhiteElo "2283"]
[BlackElo "2204"]
[WhiteFideId "12909572"]
[BlackFideId "4603745"]
[EventDate "2014.11.21"]

1. e4 c5 2. Nf3 Nc6 3. Bb5 Qb6 4. Nc3 e6 5. O-O d6 6. Re1 Bd7 7. Bxc6 Bxc6 8. d4
cxd4 9. Nxd4 Be7 10. Be3 Qd8 11. Qf3 Nf6 12. Nxc6 bxc6 13. e5 Nd5 14. exd6 Bxd6
15. Nxd5 cxd5 16. Qg4 Qf6 17. Bg5 Qxb2 18. Qa4+ Kf8 19. Qc6 Qb8 20. Rab1 Bxh2+
21. Kh1 Qc8 22. Qxc8+ Rxc8 23. Kxh2 h6 24. Be3 Kg8 25. Rb7 Rxc2 26. Rxa7 e5 27.
f4 f6 28. fxe5 fxe5 29. Bg1 e4 30. Bd4 Rh7 31. Rb1 Rc8 32. Rbb7 Re8 33. a4 Kf8
34. Bc5+ Kg8 35. a5 h5 36. a6 Kh8 37. Re7 Rg8 38. Bd4 h4 39. Rxg7 Rhxg7 40. Rxg7
Rf8 41. Rf7+ 1-0

[Event "85th ch-GER 2014"]
[Site "Verden an der Aller GER"]
[Date "2014.11.27"]
[Round "7.11"]
[White "Bastian, Herbert"]
[Black "Harff, Marcel"]
[Result "1-0"]
[WhiteTitle "IM"]
[BlackTitle "FM"]
[WhiteElo "2317"]
[BlackElo "2273"]
[WhiteFideId "4601700"]
[BlackFideId "24621382"]
[EventDate "2014.11.21"]

1. e4 e6 2. d4 d5 3. e5 c5 4. c3 Nc6 5. Nf3 Bd7 6. dxc5 Bxc5 7. Bd3 f6 8. Qe2
fxe5 9. Nxe5 Nxe5 10. Qxe5 Qf6 11. Qe2 Ne7 12. Nd2 e5 13. Nb3 Bd6 14. Bb5 Bc6
15. Be3 O-O 16. O-O Nf5 17. Bc5 Nh4 18. Bxc6 bxc6 19. Bxd6 Qxd6 20. Qg4 Rf4 21.
Qh3 Qg6 22. Kh1 Raf8 23. f3 Nf5 24. g3 Rc4 25. Rae1 Qd6 26. a3 g6 27. Qg2 Rb8
28. Qc2 Qe6 29. Kg2 d4 30. Nd2 Rc5 31. Ne4 Qa2 32. Nxc5 Rxb2 33. Qf2 Ne3+ 34.
Kg1 Rxf2 35. Rxf2 Qxa3 36. cxd4 exd4 37. Ne4 a5 38. Rb1 Kg7 39. h4 Kf7 40. Rfb2
Nc4 41. Ng5+ Ke7 42. Rb3 Qa2 43. Rb7+ Kd6 44. Ne4+ Ke6 45. Ng5+ Ke5 46. Nxh7 Nd2
47. Re1+ Kd6 48. Ng5 Qd5 49. Kg2 d3 50. Rg7 Kc5 51. Rxg6 Nc4 52. Ne4+ Kb4 53.
Rg7 c5 54. Rb7+ Nb6 55. Rxb6+ Kc4 56. Rd6 1-0

[Event "85th ch-GER 2014"]
[Site "Verden an der Aller GER"]
[Date "2014.11.27"]
[Round "7.12"]
[White "Hundack, Rolf"]
[Black "Mueller, Reinhold"]
[Result "1-0"]
[BlackTitle "FM"]
[WhiteElo "2223"]
[BlackElo "2289"]
[WhiteFideId "4653092"]
[BlackFideId "24605875"]
[EventDate "2014.11.21"]

1. c4 c5 2. g3 Nf6 3. Bg2 g6 4. Nc3 Bg7 5. Nf3 Nc6 6. O-O O-O 7. d4 cxd4 8. Nxd4
Ng4 9. Nc2 d6 10. Bd2 Be6 11. b3 Rc8 12. Rc1 Qa5 13. Nd5 Qd8 14. h3 Nf6 15. Bg5
Bxd5 16. cxd5 Ne5 17. Qd2 Qb6 18. Be3 Qa6 19. a4 Rfe8 20. Nd4 Ned7 21. Nb5 Nc5
22. Qa2 b6 23. Nd4 Qb7 24. b4 Na6 25. Qb3 Nb8 26. Nc6 Nxc6 27. dxc6 Qc7 28. Bf3
Red8 29. Rfd1 e6 30. b5 Qe7 31. a5 bxa5 32. b6 axb6 33. Bxb6 Re8 34. Bxa5 d5 35.
c7 Nd7 36. Qb5 Ne5 37. Bb4 Qd7 38. Qxd7 Nxd7 39. e4 Ne5 40. Be2 dxe4 41. Bb5 1-0

[Event "85th ch-GER 2014"]
[Site "Verden an der Aller GER"]
[Date "2014.11.27"]
[Round "7.14"]
[White "Skibbe, Willi"]
[Black "Boidman, Yuri"]
[Result "0-1"]
[WhiteTitle "FM"]
[BlackTitle "IM"]
[WhiteElo "2274"]
[BlackElo "2393"]
[WhiteFideId "4682190"]
[BlackFideId "4643992"]
[EventDate "2014.11.21"]

1. c4 c6 2. Nf3 d5 3. g3 Nf6 4. Bg2 Bg4 5. Ne5 Bf5 6. cxd5 cxd5 7. Qb3 Nc6 8.
Nxc6 bxc6 9. d3 e6 10. Nc3 Be7 11. O-O O-O 12. e4 Bg6 13. Rd1 Nd7 14. Qc2 Rc8
15. Be3 Nb6 16. Ne2 e5 17. f4 f5 18. fxe5 fxe4 19. dxe4 Nc4 20. Bd4 c5 21. Bf2
Nxe5 22. Nf4 d4 23. b4 Ng4 24. Bh3 cxb4 25. Qb2 Nxf2 26. Bxc8 Nxd1 27. Be6+ Kh8
28. Nxg6+ hxg6 29. Rxd1 d3 30. Kh1 Bg5 31. Qxb4 d2 32. Qc3 Kh7 33. Bd5 Rf2 34.
Qd3 Qf6 35. Bb3 Bh6 36. Kg1 Qb6 37. Kh1 Qb8 38. Rf1 Qb6 39. Rd1 Qf6 40. Kg1 Rf3
41. Qc4 Be3+ 42. Kh1 Kh6 43. e5 Qxe5 44. Qh4+ Qh5 45. Qd8 Rf6 46. Qh8+ Kg5 47.
Qxh5+ gxh5 48. Kg2 Rf2+ 49. Kh3 Kh6 50. g4 Bf4 51. Rh1 h4 52. g5+ Kxg5 53. Rg1+
Kf6 54. Kxh4 Bxh2 55. Rg4 Bf4 56. Rg1 g5+ 57. Kg4 Ke5 58. Rh1 Re2 59. Rh7 Rg2+
60. Kf3 Rg3+ 0-1

[Event "85th ch-GER 2014"]
[Site "Verden an der Aller GER"]
[Date "2014.11.27"]
[Round "7.15"]
[White "Zehnter, Sebastian"]
[Black "Thiel, Thomas"]
[Result "0-1"]
[BlackTitle "FM"]
[WhiteElo "2237"]
[BlackElo "2323"]
[WhiteFideId "24608670"]
[BlackFideId "4615964"]
[EventDate "2014.11.21"]

1. e4 c5 2. Nf3 d6 3. d4 cxd4 4. Nxd4 Nf6 5. Nc3 g6 6. g3 Bg7 7. Bg2 O-O 8. O-O
Nc6 9. Nde2 Rb8 10. a4 a6 11. h3 b5 12. axb5 axb5 13. Be3 b4 14. Nd5 Nd7 15. Ra2
e6 16. Ndf4 Qc7 17. b3 Bb7 18. Qd2 Nc5 19. Nd3 Rfd8 20. Rc1 Qe7 21. Bg5 f6 22.
Be3 Bf8 23. Qe1 Qf7 24. Rd1 f5 25. exf5 Nxd3 26. fxg6 hxg6 27. cxd3 Ne5 28. Nd4
Bxg2 29. Kxg2 Qb7+ 30. Kh2 Ra8 31. Rad2 Bg7 32. Qh1 Qf7 33. f4 Nd7 34. Nf3 Ra3
35. Rb1 Bc3 36. Re2 Qf5 37. Qd1 Rda8 38. Bf2 Ra1 39. Rxa1 Rxa1 40. Qc2 Qd5 41.
Kg2 Ra3 42. g4 Nf8 43. Kg3 Qxb3 44. Qc1 Qd5 45. f5 exf5 46. Qg5 Bg7 47. Re7 Rxd3
48. Be3 fxg4 49. Qxd5+ Rxd5 50. hxg4 b3 51. Rb7 b2 52. Nd2 Bc3 53. Nc4 Rd1 54.
Na3 Ra1 55. Nb1 0-1

[Event "85th ch-GER 2014"]
[Site "Verden an der Aller GER"]
[Date "2014.11.27"]
[Round "7.16"]
[White "Keymer, Vincent"]
[Black "Bodrozic, Tomislav"]
[Result "1-0"]
[WhiteElo "2116"]
[BlackElo "2322"]
[WhiteFideId "12940690"]
[BlackFideId "24630993"]
[EventDate "2014.11.21"]

1. d4 d5 2. c4 c6 3. Nc3 dxc4 4. Nf3 b5 5. a4 b4 6. Na2 e6 7. e3 Nd7 8. Bxc4
Ngf6 9. Bd2 a5 10. O-O Bb7 11. Nc1 Be7 12. Nb3 O-O 13. Qe2 Ne4 14. Rfd1 Qb6 15.
Rac1 Rfd8 16. Be1 c5 17. Nfd2 cxd4 18. Nxe4 Bxe4 19. Nxd4 Nc5 20. f3 Bb7 21. b3
Bf6 22. Nb5 Rxd1 23. Rxd1 Rd8 24. Bf2 Qc6 25. e4 Rxd1+ 26. Qxd1 Nxa4 27. e5 Be7
28. Qa1 Nc5 29. Nd4 Qc7 30. Nb5 Qc6 31. Nd4 Qc7 32. Nb5 Qd8 33. Nd4 Nd7 34. Nb5
Nb8 35. h3 Nc6 36. Qe1 Qb8 37. f4 Qd8 38. Qe2 Nb8 39. Be3 Bd5 40. Qc2 Nc6 41.
Nd6 Bxd6 42. Bxd5 Ne7 43. exd6 Nxd5 44. Qc6 Nf6 45. Bb6 Qd7 46. Qa8+ Ne8 47.
Bxa5 f6 48. Bxb4 Kf7 49. Qa6 e5 50. Qc4+ Kg6 51. f5+ Kxf5 52. Qg4# 1-0

[Event "85th ch-GER 2014"]
[Site "Verden an der Aller GER"]
[Date "2014.11.27"]
[Round "7.17"]
[White "Schild, Christoph"]
[Black "Kuersten, Ruediger"]
[Result "1-0"]
[WhiteTitle "FM"]
[WhiteElo "2424"]
[BlackElo "2179"]
[WhiteFideId "4637089"]
[BlackFideId "24605816"]
[EventDate "2014.11.21"]

1. Nf3 Nf6 2. c4 c6 3. Nc3 d5 4. d4 a6 5. c5 g6 6. Bf4 Bg7 7. Qd2 Bf5 8. Ne5
Nfd7 9. Nf3 O-O 10. h3 e5 11. g4 exf4 12. gxf5 Qc7 13. h4 Nf6 14. Qd3 Nbd7 15.
Bh3 Rfe8 16. fxg6 fxg6 17. Bxd7 Qxd7 18. Ne5 Qe6 19. O-O-O Ne4 20. Nxe4 dxe4 21.
Qa3 Bxe5 22. dxe5 Qxe5 23. Rd7 Re7 24. Rhd1 Qe6 25. Rxe7 Qxe7 26. Qb3+ Kg7 27.
Qc3+ Kg8 28. h5 Rd8 29. Qb3+ Kf8 30. Rxd8+ Qxd8 31. hxg6 hxg6 32. Qxb7 e3 33.
fxe3 fxe3 34. Qb4 Qe7 35. Qf4+ Kg7 36. Qd4+ Kf7 37. Kc2 Qe6 38. Kd3 g5 39. Qxe3
Qf5+ 40. Kd2 g4 41. Ke1 Qb1+ 42. Kf2 Qxb2 43. Qf4+ Ke7 44. Qd6+ Kf7 45. Qd7+ Kf6
46. Qxc6+ Kg5 47. Qd5+ Kh4 48. Qd8+ Kh3 49. Qd6 1-0

[Event "85th ch-GER 2014"]
[Site "Verden an der Aller GER"]
[Date "2014.11.27"]
[Round "7.18"]
[White "Grigorian, Spartak"]
[Black "Steffens, Olaf"]
[Result "1-0"]
[BlackTitle "FM"]
[WhiteElo "2244"]
[BlackElo "2279"]
[WhiteFideId "24661490"]
[BlackFideId "4630564"]
[EventDate "2014.11.21"]

1. d4 Na6 2. e4 c6 3. Nc3 Nc7 4. Nf3 g6 5. Bd3 Bg7 6. O-O d6 7. h3 Nh6 8. Re1
O-O 9. Qe2 Ne6 10. Bc4 b5 11. Bb3 b4 12. Nb1 d5 13. exd5 cxd5 14. Bxh6 Bxh6 15.
Qb5 Nf4 16. Qxb4 Bxh3 17. g3 Qc8 18. Qxe7 Bg2 19. Ne5 Qh3 20. Qh4 Qxh4 21. gxh4
Bh3 22. Nc3 Be6 23. Ne2 Nxe2+ 24. Rxe2 Bg7 25. c3 Rfe8 26. Rae1 Rad8 27. Kg2 Bf6
28. Kg3 Kg7 29. f4 h5 30. Nxg6 Kxg6 31. f5+ Kh6 32. fxe6 Rg8+ 33. Kh2 Bxh4 34.
exf7 Rgf8 35. Rf1 Rd6 36. Re5 Bf6 37. Rxd5 Re6 38. Rxh5+ Kxh5 39. Bxe6 Be7 40.
Kg3 a5 41. Rf5+ Kg6 42. Rxa5 Kf6 43. Bb3 Rh8 44. Kg4 Kg6 45. Ra6+ Bf6 46. Bc4
Kg7 47. Kf5 Rh5+ 48. Ke6 Rh2 49. Kd7 Rh8 50. Kc7 1-0

[Event "85th ch-GER 2014"]
[Site "Verden an der Aller GER"]
[Date "2014.11.27"]
[Round "7.19"]
[White "Krause, Ullrich"]
[Black "Schulz, Michael1"]
[Result "0-1"]
[WhiteTitle "FM"]
[BlackTitle "FM"]
[WhiteElo "2276"]
[BlackElo "2233"]
[WhiteFideId "4613058"]
[BlackFideId "4616731"]
[EventDate "2014.11.21"]

1. Nf3 Nf6 2. g3 b5 3. Bg2 Bb7 4. O-O c5 5. d3 d5 6. Nbd2 e6 7. e4 Be7 8. exd5
exd5 9. Nh4 Qd7 10. Re1 Nc6 11. Nb3 O-O-O 12. a4 b4 13. Bg5 Rhe8 14. Bxf6 gxf6
15. Qh5 Kb8 16. c4 Ne5 17. Qe2 dxc4 18. dxc4 Bxg2 19. Kxg2 Qc6+ 20. Qe4 Qxe4+
21. Rxe4 Rd3 22. Na5 Rd2 23. Nf3 Rxb2 24. Nxe5 fxe5 25. Rxe5 Kc7 26. Re3 Kb6 27.
Nb3 Rd8 28. a5+ Ka6 29. Rxe7 Rxb3 30. Rxf7 Rd6 31. Rc7 Ra3 32. Re1 Kxa5 33.
Rxa7+ Kb6 34. Rxh7 b3 35. Ree7 Ka5 36. Ra7+ Ra6 37. Rab7 Rb6 38. Rxb6 Kxb6 39.
Rh8 Ra7 40. Rb8+ Rb7 41. Re8 Ka5 42. Re1 Kb4 43. h4 Kxc4 44. h5 b2 45. Rb1 Kb3 0-1

[Event "85th ch-GER 2014"]
[Site "Verden an der Aller GER"]
[Date "2014.11.27"]
[Round "7.20"]
[White "Asendorf, Joachim"]
[Black "Krallmann, Matthias"]
[Result "1-0"]
[WhiteTitle "FM"]
[BlackTitle "FM"]
[WhiteElo "2298"]
[BlackElo "2221"]
[WhiteFideId "4639260"]
[BlackFideId "4613848"]
[EventDate "2014.11.21"]

1. c4 b6 2. e4 Bb7 3. Nc3 e5 4. g3 f5 5. Bg2 Nf6 6. d3 Bb4 7. Ne2 O-O 8. O-O
fxe4 9. h3 Nc6 10. dxe4 Bc5 11. Nd5 Nd4 12. Bg5 Bxd5 13. cxd5 d6 14. Rc1 a5 15.
b3 Rf7 16. Be3 Nxe2+ 17. Qxe2 Nd7 18. h4 Bxe3 19. Qxe3 Nc5 20. Bh3 Kh8 21. a3 a4
22. b4 Nb3 23. Rcd1 Qe7 24. f4 exf4 25. Rxf4 Rxf4 26. gxf4 Re8 27. Bg2 Qxh4 28.
e5 Qg4 29. Rf1 dxe5 30. fxe5 Nd4 31. e6 Ne2+ 32. Kh2 h6 33. Bh3 Qc4 34. e7 Qxd5
35. Rf8+ Kh7 36. Rxe8 Qd6+ 37. Kg2 Nf4+ 38. Kf3 Qd1+ 39. Kxf4 Qd6+ 40. Kf3 Qd1+
41. Ke4 1-0

[Event "85th ch-GER 2014"]
[Site "Verden an der Aller GER"]
[Date "2014.11.27"]
[Round "7.21"]
[White "Reimche, Vadim"]
[Black "Hoeffer, David"]
[Result "0-1"]
[WhiteElo "2084"]
[BlackElo "2276"]
[WhiteFideId "4642422"]
[BlackFideId "24606766"]
[EventDate "2014.11.21"]

1. d4 Nf6 2. Nc3 g6 3. e4 d6 4. Bf4 Bg7 5. Qd2 h6 6. Be2 c6 7. a3 Be6 8. h3 g5
9. Be3 d5 10. e5 Nfd7 11. O-O-O b5 12. g4 Nb6 13. b3 a5 14. Nb1 a4 15. b4 Nc4
16. Bxc4 bxc4 17. Ne2 Na6 18. f4 gxf4 19. Nxf4 Kd7 20. Nh5 Qg8 21. Rdg1 Qh7 22.
Rf1 Rhb8 23. Nxg7 Qxg7 24. Bxh6 Qh7 25. c3 c5 26. dxc5 Nxc5 27. Kb2 Nd3+ 28. Ka1
Rh8 29. Be3 Qe4 30. Qe2 Rh7 31. Qf3 Qxf3 32. Rxf3 Bxg4 33. Rg3 Be6 34. Bd4 Rah8
35. Nd2 Bxh3 36. Nf3 Be6 37. Rxh7 Rxh7 38. Rg1 Rh6 39. b5 Bf5 40. Ne1 Nc1 41.
Kb2 Nb3 42. Rg2 Be4 43. Rf2 Rh1 44. Nc2 Rc1 45. Be3 Rxc2+ 46. Rxc2 Bxc2 47. Kxc2
Ke6 48. Bg5 Nc5 49. b6 Kd7 50. Be3 Nd3 51. Bd4 Ne1+ 52. Kd2 Nd3 53. Ke3 Kc6 54.
Kf3 Nc1 55. Be3 Nb3 56. Kg4 Na5 57. Kf5 Kd7 58. Bc5 Nb7 59. Be3 Nd8 60. Bc5 Nc6
61. Be3 Kc8 62. Bc5 Kb7 63. Be3 Kb8 64. Bc5 Kc8 65. Be3 Kb7 66. Bc5 e6+ 67. Kf4
Nb8 68. Bd4 Kc6 69. Kg5 Nd7 70. Kh6 Nxb6 71. Kg7 Na8 72. Kxf7 Kd7 73. Bc5 Nc7
74. Kf6 Nb5 75. Bb4 d4 76. cxd4 Nxd4 77. Bd2 Kc6 78. Bf4 Kd5 79. Ke7 Nb5 80. Bc1
Kxe5 81. Kd7 Kd4 0-1

[Event "85th ch-GER 2014"]
[Site "Verden an der Aller GER"]
[Date "2014.11.27"]
[Round "7.22"]
[White "Mueller, Oliver"]
[Black "Buchal, Stephan"]
[Result "0-1"]
[WhiteTitle "FM"]
[BlackTitle "FM"]
[WhiteElo "2258"]
[BlackElo "2255"]
[WhiteFideId "4633385"]
[BlackFideId "4603915"]
[EventDate "2014.11.21"]

1. d4 g6 2. e4 Bg7 3. Nc3 d6 4. Be3 a6 5. f4 b5 6. Nf3 Nd7 7. Bd3 Bb7 8. e5 Nh6
9. Qe2 Nb6 10. a4 b4 11. Ne4 a5 12. Bb5+ c6 13. Bd3 O-O 14. Neg5 Qc8 15. Nh4 Ba6
16. O-O Bxd3 17. Qxd3 Qg4 18. g3 Nd5 19. Bd2 dxe5 20. fxe5 f6 21. h3 Qh5 22. Ne6
Rf7 23. Nxg7 Kxg7 24. Rae1 g5 25. Qf3 Qxf3 26. Nxf3 Nf5 27. g4 Nh6 28. Kh2 Ng8
29. exf6+ exf6 30. Re6 Rc8 31. c4 bxc3 32. bxc3 Nb6 33. Rb1 Nc4 34. Be1 Rd7 35.
Bg3 Kf7 36. Rbe1 Re7 37. Rxe7+ Nxe7 38. Rb1 Nd5 39. Ne1 Re8 40. Rb7+ Kg6 41. h4
gxh4 42. Bxh4 Re2+ 43. Kg1 Re4 44. Kf2 Rxg4 45. Nf3 Nd6 46. Ra7 Ne4+ 47. Ke2
Nexc3+ 48. Kf2 Kf5 49. Rxa5 Kf4 50. Bxf6 Ne4+ 51. Ke2 Rg2+ 52. Kd3 Kxf3 53. Bh4
Ne3 54. Be1 Ra2 0-1

[Event "85th ch-GER 2014"]
[Site "Verden an der Aller GER"]
[Date "2014.11.28"]
[Round "8.1"]
[White "Fridman, Daniel"]
[Black "Jugelt, Tobias"]
[Result "1-0"]
[WhiteTitle "GM"]
[BlackTitle "IM"]
[WhiteElo "2639"]
[BlackElo "2404"]
[WhiteFideId "11600454"]
[BlackFideId "4626150"]
[EventDate "2014.11.21"]

1. c4 Nf6 2. Nf3 c6 3. d4 d5 4. Nc3 e6 5. e3 Nbd7 6. Bd3 Bd6 7. e4 dxe4 8. Nxe4
Nxe4 9. Bxe4 e5 10. O-O exd4 11. Qxd4 Qf6 12. Be3 O-O 13. Rad1 Bc7 14. Qd3 h6
15. Bd4 Ne5 16. Qc3 Nxf3+ 17. Bxf3 Qg5 18. Rfe1 Be6 19. g3 Rfd8 20. b3 a5 21. h4
Qg6 22. Be4 Qg4 23. Bc2 Bf5 24. Bxf5 Qxf5 25. Rd2 Qg4 26. Be5 Rxd2 27. Qxd2 Bxe5
28. Rxe5 a4 29. Kg2 axb3 30. axb3 Qg6 31. Qd7 b6 32. Qb7 Ra1 33. Qc8+ Kh7 34.
Re8 Qb1 35. Rh8+ Kg6 36. Qg4+ Kf6 37. Qf4+ Qf5 38. Rc8 Qxf4 39. Rxc6+ Ke7 40.
gxf4 b5 41. cxb5 Ra5 42. Rc7+ Ke6 43. b6 Rb5 44. b7 Rxb3 45. Kf1 g6 46. Ke2 f6
47. Kd2 Kf5 48. Kc2 Rb6 49. Kc3 h5 50. Rd7 Kg4 51. f5 Kxf5 52. Kc4 g5 53. hxg5
fxg5 54. Rd5+ Ke4 55. Rb5 Rxb7 56. Rxb7 h4 57. Rf7 g4 58. Rh7 h3 59. Rf7 1-0

[Event "85th ch-GER 2014"]
[Site "Verden an der Aller GER"]
[Date "2014.11.28"]
[Round "8.2"]
[White "Poetsch, Hagen"]
[Black "Wagner, Dennis"]
[Result "1/2-1/2"]
[WhiteTitle "IM"]
[BlackTitle "IM"]
[WhiteElo "2498"]
[BlackElo "2484"]
[WhiteFideId "24615137"]
[BlackFideId "24650684"]
[EventDate "2014.11.21"]

1. e4 e5 2. Nf3 Nc6 3. Bb5 a6 4. Ba4 Nf6 5. O-O Be7 6. Re1 b5 7. Bb3 d6 8. c3
O-O 9. d4 Bg4 10. Be3 Bh5 11. h3 exd4 12. cxd4 Na5 13. Bc2 Nc4 14. Bc1 d5 15. e5
Ne4 16. Bxe4 dxe4 17. Rxe4 f5 18. Re1 Bxf3 19. Qxf3 Qxd4 20. Nc3 Nxe5 21. Qf4
Qxf4 22. Bxf4 Ng6 23. Bxc7 Bf6 24. Ba5 Rfe8 25. Rxe8+ Rxe8 26. Rd1 Kf7 27. Kf1
Nf4 28. h4 Ng6 29. g3 f4 30. h5 Ne5 31. Ne4 Nc4 32. Nxf6 gxf6 33. Bc3 fxg3 34.
b3 Ne5 35. fxg3 Ke6 36. Bb4 Kf5 37. Rd4 Rc8 38. Bd2 Rc2 39. a4 Rb2 40. axb5 axb5
41. b4 Nc4 42. Bf4 Rxb4 43. Rd7 h6 44. Bxh6 Kg4 45. Rf7 Kxh5 46. Rxf6 Kg4 47.
Kg2 1/2-1/2